000 00498nam a2200193 a 4500
001 1771665029578
003 YourLibrary
005 20260221144226.0
008 260221s2005##################000#0#eng##
020 _a9780141018669
082 0 4 _a339.460917
_bSAC
100 1 _aSachs, Jeffrey,
_eauthor.
245 1 0 _aThe End of Poverty :
260 _bPenguin UK,
_c2005.
300 _a373 pages
650 0 _aBusiness & Economics.
942 _cENGLISH
040 _aYourLibrary
_beng
_cYourLibrary
999 _c615093
_d615093